Dilemas y desafíos de la democracia en Canadá

Furkejuvvon:
Bibliográfalaš dieđut
Váldodahkki: Sabourin, Louis
Materiálatiipa: Texto
Almmustuhtton: San José :
Fáttát:
Fáddágilkorat: Lasit fáddágilkoriid
Eai fáddágilkorat, Lasit vuosttaš fáddágilkora!

MARC

LEADER 00000 a a2200000 04500
001 15565
003
040
090 |a 029600  
100 |a Sabourin, Louis  
245 |a Dilemas y desafíos de la democracia en Canadá  
260 |a San José :  
300 |a 25 p.  
500 |a Traducción: Nora Rabotnikoff  
650 |a DEMOCRACIA  
999 |c 8165  |d 8165